<?xml version="1.0" encoding="UTF-8"?>
<record
    xmlns:xsi="http://www.w3.org/2001/XMLSchema-instance"
    xsi:schemaLocation="http://www.loc.gov/MARC21/slim http://www.loc.gov/standards/marcxml/schema/MARC21slim.xsd"
    xmlns="http://www.loc.gov/MARC21/slim">

  <leader>00736nam a22001935i 4500</leader>
  <controlfield tag="001">153602</controlfield>
  <controlfield tag="003">ES-MaACL</controlfield>
  <controlfield tag="005">20250929063220.0</controlfield>
  <controlfield tag="008">960202s1770    fr           |||| | fre d</controlfield>
  <datafield tag="040" ind1=" " ind2=" ">
    <subfield code="a">CYL </subfield>
    <subfield code="b">spa </subfield>
    <subfield code="c">CYL</subfield>
  </datafield>
  <datafield tag="100" ind1="1" ind2=" ">
    <subfield code="a">Durand de Maillane, Pierre Toussaint, </subfield>
    <subfield code="d">1729-1814</subfield>
    <subfield code="9">126882</subfield>
  </datafield>
  <datafield tag="245" ind1="1" ind2="0">
    <subfield code="a">Histoire du Droit Canon </subfield>
    <subfield code="b">: pour servir d'introduction &#xE0; l'&#xE9;tude du Droit Canonique / </subfield>
    <subfield code="c">par M. Durant, Co-Seigneur de Maillane...</subfield>
  </datafield>
  <datafield tag="260" ind1=" " ind2=" ">
    <subfield code="a">A Lyon : </subfield>
    <subfield code="b">chez Jean-Marie Bruyset ..., </subfield>
    <subfield code="c">1770.</subfield>
  </datafield>
  <datafield tag="300" ind1=" " ind2=" ">
    <subfield code="a">VIII, 540 p. ; </subfield>
    <subfield code="c">12&#xBA;.</subfield>
  </datafield>
  <datafield tag="650" ind1=" " ind2="7">
    <subfield code="a">Derecho can&#xF3;nico</subfield>
    <subfield code="2">embne</subfield>
    <subfield code="9">11655</subfield>
  </datafield>
  <datafield tag="852" ind1=" " ind2=" ">
    <subfield code="a">ES-MaACL</subfield>
    <subfield code="j">R-492   </subfield>
    <subfield code="z"> Enc. pasta con hierros</subfield>
    <subfield code="d"> Olim: D-448     </subfield>
    <subfield code="9">159195</subfield>
    <subfield code="c">DEPO</subfield>
  </datafield>
  <datafield tag="942" ind1=" " ind2=" ">
    <subfield code="2">udc</subfield>
  </datafield>
  <datafield tag="999" ind1=" " ind2=" ">
    <subfield code="c">153602</subfield>
    <subfield code="d">153602</subfield>
  </datafield>
  <datafield tag="952" ind1=" " ind2=" ">
    <subfield code="0">0</subfield>
    <subfield code="1">0</subfield>
    <subfield code="4">0</subfield>
    <subfield code="7">0</subfield>
    <subfield code="8">LIBXVIII</subfield>
    <subfield code="a">ATENEOM</subfield>
    <subfield code="b">ATENEOM</subfield>
    <subfield code="c">DEPO</subfield>
    <subfield code="d">2008-01-17</subfield>
    <subfield code="e">SSC</subfield>
    <subfield code="l">0</subfield>
    <subfield code="o">R-492</subfield>
    <subfield code="p">1160573</subfield>
    <subfield code="r">2023-02-23 00:00:00</subfield>
    <subfield code="w">2023-02-23</subfield>
    <subfield code="y">MONANT</subfield>
  </datafield>
</record>
